000 00838nam a2200241 i 4500
001 C2-0235630
003 PPAK
005 20180727195657.0
008 010910s1999 caua|||| ||||| | eng d
020 _a0761517103
040 _aPPAK
_beng
_cPPAK
_erda
082 0 4 _a362.7120973
_223
090 0 0 _a362.7120973
_bTAB
_dG
100 1 _aTabak-Lombardo, Elissa,
_eauthor
245 1 4 _aThe caring parent's guide to child care:
_beverything you need to know about making child care centers work for you and your child
264 1 _aRocklin, California :
_bPrima Publishing ,
_c1999
300 _aix,206 pages :
_billustrations ;
_c23 cm
336 _2rdacontent
_atext
337 _2rdamedia
_aunmediated
338 _2rdacarrier
_avolume
650 1 0 _aDay care centers - United States ; Working mothers - United States
942 _ddc
_cB
999 _c51609
_d51609